000 00670nam a2200241Ia 4500
003 OSt
005 20220918175948.0
006 a|||||r|||| 00| 0
007 ta
008 220917b |||||||| |||| 00| 0 eng d
024 _a19,992
037 _cTextual
040 _aARTS
_cARTS
_beng
041 _2eng
_aeng
082 _aO111,3:g(Q), K1
100 _aMaison Margaret M.
_955351
245 0 _aVictorian vision
_b Studies in the religious novel
260 _aNew York
_bSheed & Ward USA
_c1961
300 _aix,360p.
_ccm.
650 _aENGLISH LITERATURE
942 _hO111,3:g(Q), K1
_cTEXL
_2CC
999 _c159781
_d159781